Statistics for Oldest tanks still in service

Click here to take the quiz!

General Stats

  • This quiz has been taken 21 times
  • The average score is 5 of 12

Answer Stats

HintAnswer% Correct
1940, USSRT-34
89%
1961, USSRT-62
68%
1958, USSRT-55
63%
1965, West GemanyLeopard 1
58%
1947, USSRT-54
58%
1946, UKCenturion
37%
1941, USAM3 Stuart
37%
1952, USAM48 Patton
26%
1959, USAM60
26%
1951, USAM47 Patton
21%
1959, ChinaType-59
16%
1961, JapanType-61
5%

Score Distribution

Percentile by Number Answered

Percent of People with Each Score

Your Score History

You have not taken this quiz